01008cam a22002531 45000010005000000030007000050050017000120080039000290350018000680400032000860410008001180820027001261000038001532450066001912600036002573000025002935040031003186500034003496510064003839420012004479990015004599520140004749520140006145991BD-RjU20211208234151.0140108s1968 nyu b 000 0 eng a(BD-RjUL)6030 aDLCcDLCdDLCdBD-RjULbeng aeng00a353.0008bALP 196822310aAltshuler, Alan A.,d1936-91883914aThe politics of the federal bureaucracy /cAlan A. Altshuler. aNew York :bDodd, Mead,cc1968. axi, 452 p. ;c24 cm. aBibliographical footnotes. 0aPublic administration.918840 0aUnited StatesxPolitics and governmenty20th century.99003 2ddccBK c5991d5991 00102ddc40708NFICaRUCLbRUCLcStackd1970-06-24eZeitlingerg59.00l0o353.0008 ALP 1968r2014-01-08 00:00:00tC-2w2021-12-08yBK 00102ddc40708NFICaRUCLbRUCLcStackd1970-06-24eZeitlingerg59.00l0o353.0008 ALP 1968r2016-08-18 00:00:00tC-3w2016-08-18yBK